| 000 | 00414nam a22001697a 4500 | ||
|---|---|---|---|
| 003 | MACL | ||
| 005 | 20160114142341.0 | ||
| 008 | 160114b xxu||||| |||| 00| 0 eng d | ||
| 040 | _cMACL | ||
| 041 | _aEnglish | ||
| 082 | _a824/TAG | ||
| 100 |
_aQuayum,Mohammad A. _932257 |
||
| 245 | _aThe Poet and His World | ||
| 260 |
_aKolkata _bOrient Blackswan Pvt Ltd _c2011 |
||
| 650 |
_aEssays _932258 |
||
| 942 |
_2ddc _cBK |
||
| 999 |
_c52235 _d52235 |
||